Central Library OPAC University of Rajshahi

Guide to managerial communication : (Record no. 77297)

MARC details
000 -LEADER
fixed length control field 01027nam a2200313 a 4500
001 - CONTROL NUMBER
control field 77297
003 - CONTROL NUMBER IDENTIFIER
rucl marc code BD-RjUL
005 - DATE AND TIME OF LATEST TRANSACTION
control field 20211209082945.0
008 - FIXED-LENGTH DATA ELEMENTS--GENERAL INFORMATION
fixed length control field 200311s2003 njua b 001 0 eng d
020 ## - INTERNATIONAL STANDARD BOOK NUMBER
International Standard Book Number 0130462152
035 ## - SYSTEM CONTROL NUMBER
System control number (BD-RjUL)7522
040 ## - CATALOGING SOURCE
Original cataloging agency DLC
Transcribing agency DLC
Modifying agency DLC
-- BD-RjUL
Language of cataloging eng
041 ## - LANGUAGE CODE
Language code of text/sound track or separate title eng
042 ## - AUTHENTICATION CODE
Authentication code pcc
082 00 - DEWEY DECIMAL CLASSIFICATION NUMBER
Classification number 658.45
Edition number 21
Author mark and year MUG 2003
100 1# - MAIN ENTRY--PERSONAL NAME
Personal name Munter, Mary.
9 (RLIN) 240750
245 10 - TITLE STATEMENT
Title Guide to managerial communication :
Remainder of title effective business writing and speaking /
Statement of responsibility, etc. by Mary Munter.
246 30 - VARYING FORM OF TITLE
Title proper/short title Managerial communication
250 ## - EDITION STATEMENT
Edition statement 6th ed.
260 ## - PUBLICATION, DISTRIBUTION, ETC. (IMPRINT)
Place of publication, distribution, etc. Upper Saddle River, N.J. :
Name of publisher, distributor, etc. Prentice Hall,
Date of publication, distribution, etc. 2003.
300 ## - PHYSICAL DESCRIPTION
Pagination ix, 198 p. :
Illustrations ill. ;
Size 21 cm.
504 ## - BIBLIOGRAPHY, ETC. NOTE
Bibliography, etc Includes bibliographical references (p. 185-188) and index.
650 #0 - SUBJECT ADDED ENTRY--TOPICAL TERM
Topical term or geographic name as entry element Business communication.
9 (RLIN) 240752
Topical term or geographic name as entry element Communication in management.
9 (RLIN) 240753
942 ## - ADDED ENTRY ELEMENTS (KOHA)
Source of classification or shelving scheme Dewey Decimal Classification
Koha item type Books
Holdings
Lost status Source of classification or shelving scheme Damaged status Not for loan Permanent Location Current Location Shelving location Date acquired Source of acquisition Total Checkouts Full call number Date last seen Copy number Koha item type
  Dewey Decimal Classification   Not For Loan Central Library, University of Rajshahi Central Library, University of Rajshahi Reading Room 19/02/2020 American Center Library, Dhaka   658.45 MUG 2003 11/03/2020 C-1 Books